000 00329pab a2200145 454500
008 180718b1987 xxu||||| |||| 00| 0 eng d
100 _aBashiruddin, S.
245 _aMass media shoudl help fostor unity
260 _c1987
300 _a55-7
362 _a26 Jan.
650 _aMass Media
773 _aYojana
909 _a13287
999 _c13287
_d13287